[Event "Elista ol (Men)"]
[Site "Elista"]
[Date "1998.10.10"]
[Round "11"]
[White "Bryson, Douglas M"]
[Black "Mohr, Georg"]
[Result "1/2-1/2"]
[WhiteElo "2385"]
[BlackElo "2470"]

1.e4 g6 2.d4 Bg7 3.Nc3 c6 4.Bc4 d6 5.Nf3 Nf6 6.e5 dxe5 7.Nxe5 O-O 8.O-O Nbd7
9.Bg5 Nb6 10.Bb3 Nbd5 11.Re1 Bf5 12.Nxd5 cxd5 13.f3 Qb6 14.Kh1 a5 15.a4 h6
16.Bh4 Rad8 17.Re2 Rfe8 18.Be1 Nd7 19.Nxd7 Bxd7 20.Bc3 e6 21.Qd2 Ra8 22.Rd1 Qc7
23.Qe1 b5 24.axb5 Bxb5 25.Re3 h5 26.g3 h4 27.Kg2 Bf6 28.Qf2 Kg7 29.Be1 hxg3
30.hxg3 Rh8 31.Rc3 Qb6 32.Rc5 Rh7 33.g4 a4 34.Ba2 Be7 35.Qe3 Bd6 36.Bg3 Bxg3
37.Kxg3 Qd6+ 38.Qe5+ Qxe5+ 39.dxe5 Rb8 40.Rd4 Bd7 41.b3 axb3 42.Bxb3 g5 43.Rc7  1/2-1/2

[Event "Elista ol (Men)"]
[Site "Elista"]
[Date "1998.10.10"]
[Round "11"]
[White "Fernandes, Antonio"]
[Black "Ramos, Domingo"]
[Result "0-1"]
[WhiteElo "2480"]
[BlackElo "2325"]

1.e4 g6 2.d4 Bg7 3.Nc3 c6 4.Bc4 b5 5.Bb3 b4 6.Qf3 e6 7.Nce2 d5 8.a3 bxa3
9.Rxa3 Qb6 10.Bd2 Ne7 11.Ba5 Qb7 12.Nh3 O-O 13.O-O Nd7 14.Rd1 dxe4 15.Qxe4 c5
16.Ng5 Qxe4 17.Nxe4 Bb7 18.N2g3 Bc6 19.Bc3 cxd4 20.Bxd4 Bxd4 21.Rxd4 Nb6
22.h3 Rfb8 23.Nc5 a5 24.c3 Bd5 25.Nge4 Kg7 26.c4 Nc6 27.Rd2 Bxc4 28.Nd6 Bxb3
29.Rxb3 Nd5 30.Rf3 Ne5 31.Re3 Nxe3 32.fxe3 Rb6 33.Nde4 Rc8 34.Kh2 Rb4 35.Kg3 Rc6
36.b3 h6 37.Rd6 Rxd6 38.Nxd6 Kf8 39.e4 Nd3 40.Ncb7 Ke7 41.Kf3 Nc1 42.e5 Nxb3
43.Nc8+ Kd7 44.Nbd6 a4  0-1

[Event "Elista ol (Men)"]
[Site "Elista"]
[Date "1998.10.11"]
[Round "12"]
[White "Kassis, Antoine"]
[Black "Gishi, Thakesi"]
[Result "1/2-1/2"]
[WhiteElo "2220"]
[BlackElo "2175"]

1.e4 g6 2.d4 Bg7 3.Nc3 c6 4.Bc4 d6 5.Qf3 e6 6.Nge2 Nd7 7.Bf4 Qe7 8.Bg3 Ngf6
9.O-O-O O-O 10.Bb3 e5 11.Qd3 Ne8 12.dxe5 Nc5 13.Qd2 dxe5 14.f3 b5 15.Bf2 a5
16.Bxc5 Qxc5 17.a3 a4 18.Ba2 b4 19.axb4 Qxb4 20.Nb1 Qb6 21.Na3 Ba6 22.Nc3 Qb4
23.Ncb1 c5 24.c3 Qb6 25.g4 Nf6  1/2-1/2

[Event "Elista ol (Men)"]
[Site "Elista"]
[Date "1998.10.12"]
[Round "13"]
[White "Rozentalis, Eduardas"]
[Black "Iuldachev, Saidali"]
[Result "1-0"]
[WhiteElo "2580"]
[BlackElo "2505"]

1.e4 g6 2.d4 Bg7 3.Nc3 c6 4.Nf3 d6 5.Be2 Nf6 6.O-O O-O 7.a4 a5 8.h3 Na6 9.Bf4 Nb4
10.Qd2 b6 11.Rad1 Bb7 12.Bh6 d5 13.Bxg7 Kxg7 14.e5 Ne8 15.Rde1 f5 16.h4 Nc7
17.h5 Ne6 18.hxg6 hxg6 19.g3 Kf7 20.Nd1 Ba6 21.Kg2 Bxe2 22.Qxe2 Ke8 23.Rh1 Kd7
24.Rh6 Rg8 25.Reh1 Qf8 26.c3 Na6 27.c4 Nac7 28.Nc3 Kc8 29.cxd5 cxd5 30.Nb5 Na6
31.Rh7 Rg7 32.Rxg7 Qxg7 33.Qc2+ Kb7 34.Ng5 Rc8 35.Qb3 Nxg5 36.Qxd5+ Kb8 37.Qd7 Nc7
38.Na7 Rh8 39.Nc6+ Kb7 40.Nxe7 Ne6 41.Rxh8 Qxh8 42.d5 Ng5 43.Qc6+ Ka6 44.Qc4+ Kb7
45.Qc6+ Ka6 46.d6 Nce6 47.d7 Nf4+ 48.Kg1 Ne2+ 49.Kf1 Nxg3+ 50.fxg3 Qh3+ 51.Qg2 Qh8
52.Nxg6 Qg8 53.Qc6  1-0

[Event "Elista ol (Men)"]
[Site "Elista"]
[Date "1998.10.12"]
[Round "13"]
[White "Chan, Mark"]
[Black "Ramos, Domingo"]
[Result "1/2-1/2"]
[WhiteElo "2240"]
[BlackElo "2325"]

1.e4 g6 2.d4 Bg7 3.Nc3 c6 4.f3 d6 5.Be3 b5 6.Qd2 a6 7.Nge2 Nd7 8.g3 Nb6 9.Nf4 Qc7
10.Be2 e6 11.Ng2 Bb7 12.O-O Ne7 13.Rad1 O-O 14.Nb1 Rfd8 15.Qc1 c5 16.c3 Rac8
17.dxc5 dxc5 18.Rxd8+ Rxd8 19.Rd1 Rxd1+ 20.Qxd1 Na4 21.Qd2 c4 22.Na3 Nc8
23.Bd1 Nc5 24.Nc2 Ne7 25.Nf4 e5 26.Nd5 Nxd5 27.exd5 Nd3 28.Nb4 Nxb4 29.d6 Qd7
30.cxb4 Bf8 31.Bc5 Bc6 32.Kg2 Qf5 33.Kg1 h5 34.Be2 f6 35.a4 g5 36.axb5 axb5
37.Bf1 Kf7 38.Bg2 Qd3 39.Qxd3 cxd3 40.Kf2 Ke6 41.d7 Bxc5+ 42.bxc5 Kxd7 43.Bh3+ Kc7
44.b4 d2 45.Ke2 Bxf3+ 46.Kxd2 Be4 47.Be6 Bg6 48.h4 gxh4 49.gxh4 f5 50.Ke3 Kd8
51.Kf3 Ke7 52.Bc8 f4 53.Bh3 Bd3 54.Bc8 Bc2 55.Ba6 Bd3 56.Bc8 Kd8 57.Bb7 Kc7
58.Bd5 Bc4 59.Be4 Bb3 60.Ba8 Bd1+ 61.Ke4 Be2 62.Bd5 Bc4 63.Ba8 Be2 64.Bd5 Kd7
65.Bb7 Bg4 66.Bd5  1/2-1/2

[Event "SWE-chT 9899"]
[Site "Sweden"]
[Date "1998.10.16"]
[Round "1"]
[White "Dzevlan, Miralem"]
[Black "Backelin, Rikard"]
[Result "0-1"]
[WhiteElo "2435"]
[BlackElo "2300"]

1.d4 g6 2.e4 Bg7 3.Nc3 c6 4.Nf3 d6 5.Bc4 Nf6 6.Qe2 O-O 7.Bb3 Bg4 8.h3 Bxf3
9.Qxf3 e5 10.dxe5 dxe5 11.Be3 Qe7 12.O-O Nbd7 13.a4 Nc5 14.Bc4 a5 15.b3 Ne6
16.Ne2 Nc5 17.Ng3 h5 18.Bg5 Ne6 19.Bxe6 Qxe6 20.Rfd1 Rfd8 21.Nf1 Rd4 22.Be3 Rxe4
23.Nd2 Rh4 24.c3 Nh7 25.g3 Rxh3 26.Ne4 h4 27.Nc5 Qc8 28.Rd7 Nf6 29.Rxb7 hxg3
30.fxg3 e4 31.Qf4 Rh5 32.Qc7 Qxc7  0-1

[Event "Andres Clemente Vazquez mem"]
[Site "Guiines"]
[Date "1998.10.17"]
[Round "5"]
[White "Vega, Lemay"]
[Black "Gonzalez, Renier"]
[Result "1/2-1/2"]
[WhiteElo "2260"]
[BlackElo "2385"]

1.e4 g6 2.d4 Bg7 3.Nc3 c6 4.Bc4 d6 5.Qf3 e6 6.Nge2 Nd7 7.Bb3 Ngf6 8.Bg5 O-O
9.Rd1 Qa5 10.Bd2 Qc7 11.a4 a5 12.O-O Rb8 13.h3 b5 14.Bf4 b4 15.Nb1 e5 16.dxe5 dxe5
17.Bh2 c5 18.Nd2 Bb7 19.g4 Nb6 20.g5 Nfd7 21.Nc4 Ba6 22.Nxa5 c4 23.Ba2 Qc5
24.Nxc4 Bxc4 25.Bxc4 Qxc4 26.a5 Qxc2 27.axb6 Nxb6 28.b3 Rfd8 29.Ng3 Rd2 30.Rc1 Qd3
31.Qxd3 Rxd3 32.Rb1 Nd7 33.Rfc1 Bf8 34.h4 Nc5 35.Nf1 Nxe4 36.Bxe5 Re8 37.Ba1 h6
38.gxh6 Bxh6 39.Rc2 Rh3 40.Kg2 Rxh4 41.Rc4 Rg4+ 42.Ng3 Bf8 43.Rh1 f5 44.Rc7 Be7
45.Be5 f4 46.Kf3 Nxf2 47.Rh8+ Kf7 48.Rxe8 Rxg3+ 49.Kxf4 Rg4+ 50.Kf3 Kxe8
51.Kxf2 Re4 52.Bg3 Rd4 53.Ke3 Rd1 54.Ke4 Rb1 55.Rc6 g5 56.Kf5 Rxb3 57.Be5 Kf7
58.Rc7 Rd3 59.Rb7 Rd1 60.Bg3 Rf1+ 61.Ke4 Rd1 62.Kf5 Rd5+ 63.Ke4 Rd1 64.Kf5 Rf1+
65.Ke4 Rf6 66.Be5 Ra6 67.Kf5 Re6 68.Bd4 Rc6 69.Be5 Rc5 70.Ke4 Rc4+ 71.Kf5 Rc6
72.Rb5 Rg6 73.Kg4 Rg8 74.Rb6 Bc5 75.Rb5 Rc8 76.Kf5 Be7 77.Rb7 Rc6 78.Rb5 Rc2
79.Rb7 Rf2+ 80.Ke4  1/2-1/2

[Event "SVK-chT2A 9899"]
[Site "SVK"]
[Date "1998.10.17"]
[Round "1"]
[White "Strieborny, Martin"]
[Black "Hecko, Dusan"]
[Result "0-1"]
[WhiteElo "2065"]
[BlackElo "2090"]

1.d4 g6 2.e4 Bg7 3.Nc3 c6 4.Nf3 d5 5.Be2 dxe4 6.Nxe4 Nd7 7.O-O Ngf6 8.Ng3 O-O
9.c4 Qc7 10.Be3 Re8 11.Qd2 Nf8 12.Bf4 Qd8 13.Rfd1 Bg4 14.h3 Bxf3 15.Bxf3 Ne6
16.Be5 Nd7 17.Bxg7 Nxg7 18.d5 Ne5 19.Qe2 Qc7 20.Ne4 cxd5 21.cxd5 Nxf3+ 22.Qxf3 Nf5
23.Rac1 Qe5 24.Ng5 Nd6 25.Qg4 h6 26.Nf3 Qxb2 27.Qf4 Kg7 28.Ne5 Rac8 29.Rb1 Qc2
30.Rdc1 Qf5 31.Qd4 Qf6 32.Qe3 Nf5 33.Qe4 Rxc1+ 34.Rxc1 Rd8 35.Rc7 Nd6 36.Qe3 Rc8
37.Rd7 Qg5 38.f4 Qh4 39.Nf3 Qf6 40.Qxe7 Rc1+ 41.Ne1 Qd4+ 42.Kf1 Qxf4+ 43.Ke2 Ne4
44.Qd8 Rxe1+  0-1

[Event "Wch U16"]
[Site "Oropesa del Mar"]
[Date "1998.10.26"]
[Round "2"]
[White "Royz, Michael"]
[Black "Khruschiov, Alexey"]
[Result "1/2-1/2"]
[WhiteElo "2355"]
[BlackElo "2210"]

1.e4 g6 2.d4 Bg7 3.Nc3 c6 4.f4 Qb6 5.Nf3 d5 6.e5 Bg4 7.Be2 Nh6 8.O-O Nf5
9.Na4 Qc7 10.h3 Bxf3 11.Rxf3 e6 12.g4 Ne7 13.b3 Nd7 14.Ba3 b6 15.c4 Bf8 16.Rc1 h5
17.Kg2 hxg4 18.hxg4 Qb7  1/2-1/2

[Event "Bourbon Lancy op"]
[Site "Bourbon Lancy"]
[Date "1998.10.31"]
[Round "9"]
[White "Lupu, Mircea Sergiu"]
[Black "Safranska, Anda"]
[Result "1/2-1/2"]
[WhiteElo "2520"]
[BlackElo "2275"]

1.e4 g6 2.d4 Bg7 3.Nc3 c6 4.Nf3 d5 5.h3 Nf6 6.e5 Ne4 7.Nxe4 dxe4 8.Ng5 c5
9.Bc4 O-O 10.c3 cxd4 11.cxd4 Nc6 12.Be3 Na5 13.Be2 Qd5 14.b4 Nc4 15.Bxc4 Qxc4
16.Qb3 Qxb3 17.axb3 f5 18.h4 Bd7 19.Rc1 Rac8 20.Rxc8 Rxc8 21.Kd2 h6 22.Nh3 e6
23.Rc1 Rxc1 24.Kxc1 Kf7 25.g3 Bb5 26.Kd1 Bf8 27.Bd2 Bf1 28.Ng1 h5 29.Ke1 Bd3
30.Kd1 Be7 31.Bh6 Bxb4 32.Bd2 Ba3 33.Bc1 Bb4 34.Bd2 Ba3 35.Bc1  1/2-1/2

[Event "Wch U18"]
[Site "Oropesa del Mar"]
[Date "1998.10.31"]
[Round "6"]
[White "Toth, Andras"]
[Black "Svetushkin, Dmitry"]
[Result "0-1"]
[WhiteElo "2330"]
[BlackElo "2460"]

1.e4 g6 2.d4 Bg7 3.Nc3 c6 4.f4 Qb6 5.Nf3 d5 6.e5 Bg4 7.Be2 Nh6 8.Na4 Qa5+
9.c3 Nd7 10.b4 Qc7 11.Nc5 Nxc5 12.bxc5 Nf5 13.O-O e6 14.a4 h5 15.Qd3 h4 16.Ba3 Bh6
17.Qd2 f6 18.Rfe1 O-O-O 19.Nxh4 Bxe2 20.Nxf5 gxf5 21.Rxe2 Rdg8 22.Rf1 Rg4
23.Bc1 Qh7 24.g3 fxe5 25.dxe5 Rg6  0-1

[Event "Wch U16"]
[Site "Oropesa del Mar"]
[Date "1998.10.31"]
[Round "6"]
[White "Bokros, Albert"]
[Black "Khruschiov, Alexey"]
[Result "1/2-1/2"]
[WhiteElo "2365"]
[BlackElo "2210"]

1.e4 g6 2.d4 Bg7 3.Nc3 c6 4.Bc4 d5 5.exd5 b5 6.Bb3 b4 7.Na4 cxd5 8.Nf3 Nf6
9.Nc5 O-O 10.Bg5 Nc6 11.Bxf6 Bxf6  1/2-1/2

[Event "Corsican op"]
[Site "Bastia"]
[Date "1998.11.03"]
[Round "6"]
[White "Palac, Mladen"]
[Black "Finkel, Alexander"]
[Result "1-0"]
[WhiteElo "2560"]
[BlackElo "2455"]

1.e4 g6 2.d4 Bg7 3.Nc3 c6 4.f4 d5 5.e5 Nh6 6.Nf3 Bg4 7.h3 Bxf3 8.Qxf3 f6
9.g4 fxe5 10.dxe5 e6 11.h4 Rf8 12.Qg3 Qb6 13.Bd2 Nd7 14.O-O-O O-O-O 15.Kb1 Ng8
16.Na4 Qc7 17.c4 Ne7 18.Qa3 c5 19.Nc3 a6 20.cxd5 exd5 21.Na4 Kb8 22.Rc1 b6
23.Bxa6 Qa7 24.Bb5 d4 25.g5 Kb7 26.Qb3 Nb8 27.h5  1-0

[Event "Owens Corning"]
[Site "Wrexham"]
[Date "1998.11.18"]
[Round "1"]
[White "Wall, Tim"]
[Black "Webster, Andrew"]
[Result "1-0"]
[WhiteElo "2370"]
[BlackElo "2420"]

1.e4 g6 2.d4 Bg7 3.Nc3 c6 4.Be3 d6 5.Nf3 b5 6.Bd3 Nd7 7.a4 b4 8.Ne2 Qa5 9.O-O Ngf6
10.Qd2 O-O 11.Bh6 Bxh6 12.Qxh6 e5 13.Ng5 exd4 14.Nxd4 Bb7 15.Kh1 Rfe8 16.f4 Re7
17.Rf3 Qd8 18.Nf5 Qf8 19.Qxf8+ Kxf8 20.Nxe7 Kxe7 21.e5 Nd5 22.exd6+ Kf6 23.Re1 h6
24.Ne4+ Kg7 25.c4 bxc3 26.Nxc3 N7f6 27.Nxd5 Nxd5 28.Bc4 Rd8 29.Bxd5 cxd5
30.Re7 Bc6 31.Rxa7 d4 32.Rd3 Rxd6 33.Kg1 Be4 34.Rd2 g5 35.fxg5 hxg5 36.b4 Kf6
37.b5 Ke5 38.a5 d3 39.b6 Rd5 40.Re7+ Kd4 41.b7 Rb5 42.a6 f5 43.a7 Rxb7 44.Rxb7 Bxb7
45.Kf2 Kc3 46.Ke1 Bd5 47.Kd1 f4 48.h3 Bb3+ 49.Kc1 Bd5 50.Rf2 Be4 51.Ra2 Ba8
52.Ra3+ Kb4 53.Rxd3 Bxg2 54.Rd8 Kc3 55.Kd1  1-0

[Event "Owens Corning"]
[Site "Wrexham"]
[Date "1998.11.22"]
[Round "5"]
[White "Pedersen, Steffen"]
[Black "Webster, Andrew"]
[Result "1/2-1/2"]
[WhiteElo "2415"]
[BlackElo "2420"]

1.d4 g6 2.e4 Bg7 3.Nc3 c6 4.Bc4 d6 5.Qf3 e6 6.Nge2 b5 7.Bb3 a5 8.a3 Ba6 9.d5 cxd5
10.exd5 e5 11.Ne4 h6 12.g4 Nf6 13.N2g3 Nxe4 14.Nxe4 O-O 15.g5 hxg5 16.Bxg5 Qc7
17.Bf6 a4 18.Bxg7 Kxg7 19.Qf6+ Kg8 20.Rg1 axb3 21.Rg4 Nd7 22.Rxg6+ fxg6 23.Qxg6+ Kh8
24.Qh6+ Kg8 25.Qg6+ Kh8 26.Qh5+ Kg8 27.Qg4+ Kh8 28.Qh3+ Kg8 29.Qg4+  1/2-1/2

[Event "Owens Corning"]
[Site "Wrexham"]
[Date "1998.11.24"]
[Round "7"]
[White "Thorhallsson, Throstur"]
[Black "Webster, Andrew"]
[Result "0-1"]
[WhiteElo "2495"]
[BlackElo "2420"]

1.e4 g6 2.d4 Bg7 3.Nc3 c6 4.Bc4 d6 5.Qf3 e6 6.Nge2 b5 7.Bb3 a5 8.a3 Ba6 9.d5 Qe7
10.dxe6 fxe6 11.Qh3 e5 12.Be3 Nf6 13.f3 Nbd7 14.Nc1 b4 15.axb4 axb4 16.N3e2 d5
17.Bg5 Qd6 18.O-O O-O 19.Rd1 Nc5 20.Ba2 b3 21.cxb3 Bc8 22.Qh4 Ncxe4 23.fxe4 Qc5+
24.Kh1 Nxe4 25.Nd3 Qc2 26.Be7 Qxe2 27.Bxf8 Bxf8 28.Qe1 Bg4 29.h3 Bd6 30.hxg4 Qxg4
31.Kg1 Rf8 32.b4 Bc7 33.Rac1 Ng5 34.Kh2 e4+ 35.g3 Nf3+  0-1

[Event "Owens Corning"]
[Site "Wrexham"]
[Date "1998.11.26"]
[Round "9"]
[White "Jansa, Vlastimil"]
[Black "Webster, Andrew"]
[Result "0-1"]
[WhiteElo "2490"]
[BlackElo "2420"]

1.e4 g6 2.d4 Bg7 3.Nc3 c6 4.Nf3 d5 5.h3 Nf6 6.Bd3 dxe4 7.Nxe4 Nxe4 8.Bxe4 Nd7
9.O-O O-O 10.Bg5 Qc7 11.Re1 e5 12.c3 exd4 13.Nxd4 Nc5 14.Bc2 Ne6 15.Nxe6 Bxe6
16.Bb3 h6 17.Bh4 Bxb3 18.axb3 Be5 19.Ra4 f5 20.f4 Bd6 21.Kh1 Rae8 22.Qd3 Rxe1+
23.Bxe1 b5 24.Rd4 Bc5 25.Rd7 Qxf4 26.b4 Bb6 27.Rd6 g5 28.g3 Qe5 29.Bd2 Qe4+
30.Kh2 Qxd3 31.Rxd3 Re8 32.Kg2 Re2+ 33.Kf1 Rf2+ 34.Ke1 Rh2 35.Kf1 Kf7 36.b3 Rh1+
37.Kg2 Rg1+ 38.Kf3 Rf1+ 39.Ke2 Rh1 40.c4 Ke6 41.Kf3 Rxh3 42.Kg2 Rh5 43.Be1 g4
44.Bd2 Bc7 45.Re3+ Kd7 46.Rd3+ Kc8 47.Rc3 Kb7 48.cxb5 cxb5 49.Rc5 a6 50.Bf4 Bxf4
51.gxf4 Kb6 52.Re5 Kc6 53.Rc5+ Kd7 54.Rd5+ Ke6 55.Re5+ Kf6 56.Rc5 Rh3 57.Rc6+ Kg7
58.Rc7+ Kg6 59.Rc6+ Kh5 60.Rxa6 Rxb3 61.Rf6 Rxb4 62.Rxf5+ Kh4 63.Rf8 Rb2+
64.Kf1 h5 65.f5 Kg3 66.f6 h4  0-1

[Event "AUT2W-chT 9899"]
[Site "AUT"]
[Date "1998.11.28"]
[Round "3.2"]
[White "Fuchs, Georg"]
[Black "Thoma, Robert"]
[Result "1/2-1/2"]
[WhiteElo "2180"]
[BlackElo "2285"]

1.e4 c6 2.d4 g6 3.Nc3 Bg7 4.Nf3 d5 5.Be2 Bg4 6.Be3 dxe4 7.Nxe4 Nh6 8.Ng3 Bxf3
9.Bxf3 Nf5 10.Nxf5 Qa5+ 11.c3 Qxf5 12.O-O O-O 13.Qb3 Qc8 14.Rad1 Nd7 15.d5 Ne5
16.Be2 cxd5 17.Rxd5 Qe6 18.Rfd1 b6 19.h3 Rac8 20.Bf4 Nc6 21.Bf3 Na5 22.Qb5 Nc4  1/2-1/2

[Event "BEL-chT9899"]
[Site "Antwerp"]
[Date "1998.12.20"]
[Round "5"]
[White "Van Leeuwen, Etienne"]
[Black "Renet, Jacques"]
[Result "0-1"]
[WhiteElo "2090"]
[BlackElo "2260"]

1.e4 g6 2.d4 Bg7 3.Nc3 c6 4.Be3 d6 5.Qd2 b5 6.f3 Nd7 7.g4 h5 8.g5 Nb6 9.Bd3 e6
10.h4 Ne7 11.Nh3 Qc7 12.Ne2 a6 13.c3 e5 14.Rc1 Nc4 15.Bxc4 bxc4 16.dxe5 dxe5
17.Nf2 O-O 18.Bc5 Rd8 19.Qe3 Rb8 20.Rc2 Bf8 21.Rd2 Be6 22.O-O Rxd2 23.Qxd2 Rd8
24.Qc2 Qa5 25.Bb4 Qb6 26.Rd1 Rxd1+ 27.Qxd1 c5 28.Ba3 Nc6 29.Ng3 Na7 30.Nf1 Nb5
31.Qd2 Qa5 32.Ne3 Nxa3 33.bxa3 Qxa3 34.Nd5 Qa5 35.Nf6+ Kh8 36.f4 exf4 37.Qxf4 Qd8
38.e5 Be7 39.N2e4 Qd1+ 40.Kf2 Qd3 41.Qf3 Kg7 42.Nd6 Qd2+ 43.Kf1 Qh2 44.Nde8+ Kf8
45.Qa8 Bh3+ 46.Ke1 Qg3+ 47.Ke2 Qxe5+ 48.Kd2 Qf4+ 49.Ke2 Bg4+ 50.Nxg4 Qxg4+
51.Kd2 Qd7+  0-1

[Event "ROM-ch"]
[Site "Bucuresti"]
[Date "1998.12.21"]
[Round "13"]
[White "Itkis, Boris"]
[Black "Nanu, Ciprian"]
[Result "1/2-1/2"]
[WhiteElo "2465"]
[BlackElo "2405"]

1.d4 g6 2.e4 Bg7 3.Nc3 c6 4.f4 d6 5.h3 e5 6.dxe5 Qh4+ 7.Ke2 dxe5 8.Nf3 Bg4
9.Qe1 Bxf3+ 10.gxf3 Qe7 11.fxe5 Bxe5 12.Be3 Nd7 13.Kd2 Qb4 14.Kc1 Ngf6 15.a3 Qa5
16.Bd3 Nh5 17.Ne2 Qc7 18.Rf1 Nf4 19.Kb1 Ng2 20.Qf2 Nxe3 21.Qxe3 Qb6 22.Qxb6 axb6
23.f4 Bg7 24.Ka2 Nc5 25.Rad1 Ke7 26.c3 Nxd3 27.Rxd3 Rhd8 28.Rfd1 Rxd3 29.Rxd3 Rd8
30.Rxd8 Kxd8 31.a4 f6 32.Kb3 Bf8 33.Kc4 Bd6 34.Kd3 Ke7 35.Ke3 Bc7 36.Kf3 Kd6
37.Nc1 Kc5 38.b3 Kd6 39.Nd3 Ke6 40.Kg4 Bd6 41.Kf3 Bc7 42.Kg4 Bd8 43.c4 Be7
44.f5+ Kf7 45.h4 h5+ 46.Kf3 g5 47.hxg5 fxg5 48.e5 Bd8 49.Ke4 Bc7 50.Kf3 Ke7
51.Ke4 Kf7 52.Kf3  1/2-1/2

[Event "Groningen op"]
[Site "Groningen"]
[Date "1998.12.23"]
[Round "4"]
[White "Socko, Bartosz"]
[Black "Baklan, Vladimir"]
[Result "1/2-1/2"]
[WhiteElo "2475"]
[BlackElo "2585"]

1.e4 g6 2.d4 Bg7 3.Nc3 c6 4.g3 d5 5.exd5 cxd5 6.Bg2 e6 7.Nge2 Nc6 8.O-O Nge7
9.Bg5 h6 10.Bxe7 Qxe7 11.Qd2 O-O 12.Nd1 b5 13.Ne3 b4 14.c4 bxc3 15.bxc3 Bd7
16.Nc1 Rab8 17.Nb3 Rfc8 18.Rab1 Qd8 19.Nc5 h5 20.Rb3 Na5 21.Rb4 Rb6 22.Rfb1 Be8
23.Bh3 Rcc6 24.Bf1 Bf8 25.Bb5 Bxc5 26.dxc5 Rxc5 27.Bxe8 Qxe8 28.Rxb6 axb6
29.Rxb6 Rb5 30.Rxb5 Qxb5 31.Qc2 Kg7 32.a4 Qc5 33.Qb2 Nc6 34.Kg2 Kg8 35.h4 d4
36.cxd4 Nxd4 37.Qb8+ Kg7 38.Qa8 Nb3  1/2-1/2

[Event "Trinec op"]
[Site "Trinec"]
[Date "1998.12.26"]
[Round "1"]
[White "Barglowski, Filip"]
[Black "Karlik, Vladimir"]
[Result "1/2-1/2"]
[WhiteElo "2055"]
[BlackElo "2305"]

1.e4 g6 2.d4 Bg7 3.Nc3 c6 4.Nf3 d6 5.Bc4 Nf6 6.e5 dxe5 7.Nxe5 O-O 8.O-O Nbd7
9.Bf4 Nb6 10.Bb3 a5 11.a4 Nbd5 12.Nxd5 Nxd5 13.Bg3 Bf5 14.Qd2 Nf6 15.Rad1 Ne4
16.Qf4 Qd6 17.Rfe1 Nxg3 18.hxg3 Rad8 19.c3 Be6 20.Bxe6 Qxe6 21.Ng4 Qb3 22.Rd3 Qxb2
23.Nh6+ Bxh6 24.Qxh6 e5 25.g4 f6 26.Rf3 e4 27.Rfe3 Rde8 28.Qf4 Rf7 29.f3 Qb3
30.Rxe4 Rxe4 31.Qxe4 Qxc3 32.g5 Qc4 33.Qf4 Qd5 34.Re8+ Kg7 35.Re7 Qxg5 36.Rxf7+ Kxf7
37.Qc7+ Kg8 38.Qc8+ Kg7 39.Qxb7+ Kh6 40.Qxc6 Qe3+ 41.Kh2 Qxd4 42.Qc1+ g5
43.Qc6 Qe5+ 44.Kh3 Kg6 45.g4 h6 46.Qa8 Kf7 47.Qb7+ Ke6 48.Qb6+ Kd7 49.Qb7+ Ke6
50.Qb6+ Kf7 51.Qb7+  1/2-1/2

[Event "Hastings Challengers"]
[Site "Hastings"]
[Date "1998.12.29"]
[Round "1"]
[White "Summerscale, Aaron"]
[Black "Van Vaalen, Remco"]
[Result "1-0"]
[WhiteElo "2455"]
[BlackElo "2235"]

1.d4 g6 2.e4 Bg7 3.Nc3 c6 4.Nf3 d5 5.h3 dxe4 6.Nxe4 Nd7 7.Bc4 Ngf6 8.Nxf6+ Nxf6
9.O-O O-O 10.Qe2 b5 11.Bb3 a5 12.a4 b4 13.Re1 Ra7 14.Ne5 Qd6 15.Bf4 Nd5 16.Bg3 Qf6
17.Qc4 Ra6 18.Nd7 Qxd4 19.Nxf8 Kxf8 20.Rad1 Qxc4 21.Bxc4 Ra8 22.Bxd5 cxd5
23.Rxd5 Be6 24.Rc5 Bd4 25.Rc7 Bxb2 26.Be5 Ba3 27.Bf4 Rc8 28.Rxe6 Rxc7 29.Bxc7 fxe6
30.Bxa5 Ke8 31.Kf1 Kd7 32.Ke2 Kc6 33.Kd3 Kd5 34.Bd8 e5 35.f3 Bb2 36.Bxe7 Bc3
37.a5  1-0

[Event "Trinec op"]
[Site "Trinec"]
[Date "1998.12.31"]
[Round "6"]
[White "Sergienko, Sergey"]
[Black "Karlik, Vladimir"]
[Result "1-0"]
[WhiteElo "2405"]
[BlackElo "2305"]

1.d4 g6 2.e4 Bg7 3.Nc3 c6 4.Nf3 d6 5.a4 Nf6 6.Be2 O-O 7.O-O Qa5 8.h3 Nbd7
9.Be3 Re8 10.Nd2 Qc7 11.f4 b6 12.Qe1 e6 13.Qh4 c5 14.Nb5 Qb8 15.e5 cxd4 16.Bxd4 dxe5
17.fxe5 Nd5 18.Rxf7 Kxf7 19.Nd6+ Kg8 20.Nxe8 Bxe5 21.Nf3 Bxd4+ 22.Qxd4 Kf7
23.c4 Nf4 24.Nd6+ Ke7 25.Nxc8+ Kd8 26.Qh8+ Kc7 27.Bf1 Qxc8 28.Qg7 Qh8 29.Qxh8 Rxh8
30.a5 e5 31.Kf2 Kd6 32.Ke3 bxa5 33.Rxa5 Rb8 34.Ra6+ Rb6 35.Rxb6+ axb6 36.b4 Nb8
37.Ke4 Nh5 38.Bd3 Nc6 39.b5 Ng3+ 40.Ke3 Ne7 41.Nh4 Ngf5+ 42.Nxf5+ gxf5 43.Bf1 Ke6
44.g3 Kf6 45.Bg2 Ke6 46.h4 f4+ 47.Kf3 fxg3 48.Bh3+ Kf6 49.Kxg3 Ng6 50.Bg2 Ne7
51.Be4 Nc8 52.Kg4 Nd6 53.Bd3 e4 54.Be2 Ke5 55.Kg5 Kd4 56.Kf4 e3 57.h5 Nf7
58.Bf1  1-0

[Event "AUT-chT2O 9798"]
[Site "Austria"]
[Date "1998.??.17"]
[Round "8"]
[White "Hangweyrer, Manfred"]
[Black "Tkaczuk, Rainer"]
[Result "1/2-1/2"]
[WhiteElo "2385"]
[BlackElo "2245"]

1.e4 g6 2.d4 Bg7 3.Nc3 c6 4.Nf3 d6 5.Be3 Nf6 6.h3 O-O 7.a4 Qa5 8.Bd3 Nbd7
9.O-O e5 10.Re1 Re8 11.dxe5 dxe5 12.Nd2 Qc7 13.Be2 Nf8 14.Nc4 Be6 15.Qd6 Qxd6
16.Nxd6 Reb8 17.Red1 Ne8 18.a5 Nd7 19.Bc4 Nf8 20.b3 Bf6 21.a6 b5 22.Bxe6 Nxe6
23.Ne2 Bg5 24.Nb7 Bxe3 25.fxe3 Nf6 26.Ng3 Ng5 27.Nc5 Rd8 28.Rf1 Kg7 29.Rf2 Ne6
30.Raf1 Nxc5 31.Rxf6 Rf8 32.Rxc6 Rac8 33.Rd6 Ne6 34.Rd7 Rc7 35.Rxc7 Nxc7
36.Rd1 Nxa6 37.Rd5 Rc8 38.Rxe5 Rxc2 39.Rxb5 Nc5 40.b4 Nd3  1/2-1/2

[Event "BEL-chT 9798"]
[Site "Antwerp"]
[Date "1998.??.??"]
[Round "9"]
[White "Timmermans, Ivo"]
[Black "Houdart, Robert"]
[Result "1/2-1/2"]
[WhiteElo "2200"]
[BlackElo "2115"]

1.e4 g6 2.d4 Bg7 3.Nc3 c6 4.f4 d5 5.e5 h5 6.Nf3 Nh6 7.Be3 Bg4 8.Bd3 Nf5 9.Bf2 e6
10.h3 Bxf3 11.Qxf3 h4 12.O-O Nd7 13.Ne2 Bf8 14.Rfd1 Be7 15.c4 dxc4 16.Bxc4 Nb6
17.Bb3 O-O 18.Nc3 Rc8 19.Rac1 Kg7 20.Kh2 Qd7  1/2-1/2

[Event "BEL-chT 9798"]
[Site "Antwerp"]
[Date "1998.??.??"]
[Round "9"]
[White "Laurent, Bruno"]
[Black "Van Mil, Johannes A J"]
[Result "1/2-1/2"]
[WhiteElo "2190"]
[BlackElo "2430"]

1.d4 g6 2.e4 Bg7 3.Nc3 c6 4.Bc4 d6 5.Qf3 e6 6.Bf4 Qe7 7.e5 d5 8.Bd3 Nd7 9.h4 f6
10.Qg3 Nh6 11.Nf3 fxe5 12.Nxe5  1/2-1/2

[Event "BEL-chT 9798"]
[Site "Antwerp"]
[Date "1998.??.??"]
[Round "11"]
[White "Schumacher, Helmut"]
[Black "Plomp, Erwin C"]
[Result "1/2-1/2"]
[WhiteElo "2185"]
[BlackElo "2190"]

1.d4 g6 2.e4 c6 3.Nc3 Bg7 4.f4 d5 5.e5 Nh6 6.h3 Nf5 7.Nce2 h5 8.Nf3 h4 9.c3 b6
10.Bd2 Ba6 11.Qc2 Qc8 12.O-O-O e6 13.Rg1 Bf8 14.Ng5 Be7 15.g4 hxg3 16.Nxg3 Nxg3
17.Rxg3 Bxg5 18.fxg5 c5 19.Qa4+ Qd7 20.Qa3 Bxf1 21.Rxf1 c4 22.Rgf3 Rh7 23.b3 Nc6
24.Kc2 Ne7 25.h4 Nf5 26.Rh1 O-O-O 27.Rfh3 Rh5 28.b4 Kb7 29.Be1 Qe7 30.Qc1 Qd7
31.Kb2 Qa4 32.Qc2 Qxc2+ 33.Kxc2 Kc6 34.a4 a6 35.Bf2 Rdh8 36.Kd2 Kc7 37.Ke2 b5
38.a5 Kd7 39.Kf3 R8h7 40.Kg4 Rh8 41.Rf3  1/2-1/2

[Event "AUT-chT2W 9798"]
[Site "Austria"]
[Date "1998.??.??"]
[Round "8"]
[White "Hamberger, Hermann"]
[Black "Mira, Helene"]
[Result "0-1"]
[WhiteElo "2175"]
[BlackElo "2225"]

1.e4 g6 2.d4 Bg7 3.Nc3 c6 4.Bc4 d6 5.Bb3 Nf6 6.Nf3 Bg4 7.h3 Bxf3 8.Qxf3 Nbd7
9.O-O O-O 10.Qe2 e5 11.dxe5 dxe5 12.f4 Nh5 13.Qf3 exf4 14.Bxf4 Nxf4 15.Qxf4 Ne5
16.Rad1 Qe7 17.Rd2 Rad8 18.Rxd8 Rxd8 19.Nd1 Rd7 20.Nf2 Qc5 21.Kh1 b5 22.Nd3 Nxd3
23.Bxf7+ Kh8 24.cxd3 Qf8 25.Rf3 Bxb2 26.e5 Qe7 27.e6 Rd8 28.Qe4 c5 29.Rg3 Rf8
30.Qf4 Qxe6 31.Bxe6 Rxf4 32.Rf3 Rd4 33.a4  0-1

[Event "Bayern-ch Bank Hofmann 2nd"]
[Site "Bad Wiesse"]
[Date "1998.??.??"]
[Round "4"]
[White "Kogan, Artur"]
[Black "Goy, Udo"]
[Result "1-0"]
[WhiteElo "2485"]
[BlackElo "2175"]

1.d4 g6 2.e4 Bg7 3.Nc3 c6 4.Bc4 d5 5.exd5 b5 6.Bb3 b4 7.Nce2 cxd5 8.Nf3 e6
9.Bd2 Nc6 10.Ba4 Ne7 11.Bxb4 Bd7 12.Bc5 Rb8 13.O-O O-O 14.b3 a5 15.Qd2 Re8
16.Rad1 Nf5 17.Ng3 Nxg3 18.hxg3 h6 19.Rfe1 Qc7 20.Nh2 Kh7 21.Nf1 Rec8 22.Qf4 Qxf4
23.gxf4 Rb7 24.Bxc6 Rxc6 25.a4 Kg8 26.Nd2 Rc8 27.Re3 Bf8 28.Bxf8 Kxf8 29.c3 f6
30.Rc1 g5 31.fxg5 hxg5 32.c4 Rb4 33.Rec3 Ke7 34.f3 Rcb8 35.Kf2 dxc4 36.Rxc4 Rxc4
37.Rxc4 f5 38.Rc5 Rb4 39.Ke3 Kf6 40.Rxa5 Bc6 41.Kd3 Bd5 42.Rc5 Rb7 43.a5 g4
44.Kc3 Kg5 45.b4 Kf4 46.a6 Ra7 47.Ra5 Kg3 48.b5 Kxg2 49.b6 Ra8 50.fxg4 fxg4
51.Rxd5 exd5  1-0

[Event "Regionalliga NO9899"]
[Site "Bayern"]
[Date "1998.??.??"]
[Round "?"]
[White "Zwanzger, Johannes"]
[Black "Fischer, Erich"]
[Result "1-0"]
[WhiteElo "2150"]
[BlackElo "2110"]

1.e4 c6 2.d4 g6 3.Nc3 Bg7 4.Be3 d5 5.f3 Qa5 6.Qd2 h5 7.O-O-O Be6 8.Kb1 Nf6
9.Nxd5 Qxd2 10.Nxf6+ Bxf6 11.Rxd2 a5 12.Ne2 Na6 13.Nf4 Bd7 14.h4 e5 15.dxe5 Bxe5
16.Bc4 Bc8 17.Rhd1 Bc7 18.a4 Nb8 19.e5 Bf5 20.e6 f6 21.Ne2 c5 22.Bxc5 Nc6
23.Nd4 O-O-O 24.e7 Rxd4 25.Bxd4 Nxd4 26.Rxd4 Re8 27.g4  1-0